00478nam a2200205Ia 4500003000900000008004100009040001300050040001300063041000800076100002000084245006600104250001200170260002100182260000900203300001100212300000900223300001200232490002200244490000600266IT-RoPAU120407s9999 xx 000 0 und d aIT-RoPAU cIT-RoPAU aita aBeppe Del Colle aOlga e Gorbaciov. 1.000 anni di cristianesimo in Russia 2a ed aMilano  aEdizioni Paoline c1988 a294 p. bill. c21,4 cm a Pagine di storia v1